• 首页
  • 本馆介绍
  • 公告通知
  • 最新文献
  • 馆藏检索
  • 电子资源
  • 读者导购
  • 参考咨询
  • 我的图书馆
  • 登录
  • 详细信息显示
  • 放入我的书架
  • 预约/预借图书
  • 作者相关作品
  • 分类相关作品
  • 丛书相关作品
  • 出版社相关作品

书目信息

  • 表格格式
  • 工作单格式
  • 卡片格式
题名:
信息犯罪与计算机取证
    
 
作者: 王永全 , 唐玲 , 刘三满 主编
分册:  
出版信息: 北京   人民邮电出版社  2018.02
页数: 312页
开本: 26cm
丛书名:
单 册:
中图分类: D914.04 , D918 , D914.04
科图分类:
主题词: 计算机犯罪--研究 , 计算机犯罪--证据--调查
电子资源:
ISBN: 978-7-115-47398-1
000 01004nam0 2200289 450
001 83
005 20180920171944.59
010    @a978-7-115-47398-1@dCNY88.00
100    @a20180513d2018 em y0chiy50 ea
101 0  @achi
102    @aCN@b110000
105    @ay z 000yy
200 1  @a信息犯罪与计算机取证@9xin xi fan zui yu ji suan ji qu zheng@dE-crime and computer forensics@f王永全, 唐玲, 刘三满主编@zeng
210    @a北京@c人民邮电出版社@d2018.02
215    @a312页@d26cm
330    @a本书以新的视角,对社会信息化以及信息社会法治化建设所涉及的信息犯罪与计算机取证相关技术、法律和管理等问题进行了全面、系统的梳理。
510 1  @aE-crime and computer forensics@zeng
606 0  @a计算机犯罪@x研究
606 0  @a计算机犯罪@x证据@x调查
690    @aD914.04@v5
690    @aD918@v5
690    @aD914.04@v4
701  0 @a王永全@9wang yong quan@4主编
701  0 @a唐玲@9tang ling@4主编
701  0 @a刘三满@9liu san man@4主编
801  0 @aCN@b91MARC@c20180513
905    @aMuseLib@dD914.04@e843
    
    信息犯罪与计算机取证=E-crime and computer forensics/王永全, 唐玲, 刘三满主编.-北京:人民邮电出版社,2018.02
    312页;26cm
    
    
    ISBN 978-7-115-47398-1:CNY88.00
    本书以新的视角,对社会信息化以及信息社会法治化建设所涉及的信息犯罪与计算机取证相关技术、法律和管理等问题进行了全面、系统的梳理。
●
相关链接 在E读中查询图书 在五车中查询图书 在当当中查询图书 在豆瓣中查询图书


正题名:信息犯罪与计算机取证     索取号:D914.04/843         预约/预借

序号 登录号 条形码 馆藏地/架位号 状态 备注
1 1118154   211181549   第一样本阅览室/ [索取号:D914.04/843] 在馆    
2 1118155   211181558   第一借阅区/ [索取号:D914.04/843] 在馆    
3 1118156   211181567   第一借阅区/ [索取号:D914.04/843] 在馆    
4 1118157   211181576   第一借阅区/ [索取号:D914.04/843] 在馆    
5 1118158   211181585   第一借阅区/ [索取号:D914.04/843] 在馆    
唐山师范学院图书馆 欢迎您!
大连网信软件有限公司© 版权所有